000 00641nas a2200241 i 4500
001 828
003 ES-MaACL
005 20250724062536.0
007 t|
008 950801c1933 cl | | 1 ||pa d
080 _a83
245 0 0 _aEstudios
_b: mensuario de cultura general.
260 _aSantiago de Chile :
_bImp. El Esfuerzo,
_c1933-
300 _a11 v. ;
_c22 cm.
310 _aIrregular
321 _aMensual,
_b1933-50
362 0 _aAño I (1933)-
650 7 _aCultura
_2embne
_9170963
700 1 _aEyzaguirre, Jaime.
_948456
852 _aES-MaACL
_jHem-764
866 0 _o(1947)(1948f.abr.)1949-57
999 _c828
_d828